Countries Of North America - Statistics

General Stats
  • This quiz has been taken 29 times
  • The average score is 20 of 23
Answer Stats
Hint Answer % Correct
Starts With B Barbados
96%
Starts With C Canada
96%
Starts With C Cuba
96%
Starts With U United States
96%
Starts With D Dominica
92%
Starts With D Dominican Republic
92%
Starts With J Jamaica
92%
Starts With P Panama
92%
Starts With A Antigua And Barbuda
88%
Starts With B Belize
88%
Starts With H Haiti
88%
Starts With M Mexico
88%
Starts With S Saint Kitts And Nevis
85%
Starts With B Bahamas
81%
Starts With C Costa Rica
81%
Starts With E El Salvador
81%
Starts With G Grenada
81%
Starts With H Honduras
81%
Starts With T Trinidad And Tobago
81%
Starts With G Guatemala
77%
Starts With N Nicaragua
73%
Starts With S Saint Lucia
73%
Starts With S Saint Vincent And The Grenadines
73%
No matching quizzes found
Score Distribution
Percent of People with Each Score
Percentile by Number Answered
Your Score History
You have not taken this quiz